| 000 | 00477nam a22001937a 4500 | ||
|---|---|---|---|
| 003 | MPLRDC | ||
| 005 | 20220104143502.0 | ||
| 008 | 210129b ||||| |||| 00| 0 eng d | ||
| 020 | _a957-13-0070-5 | ||
| 082 | _a830.8 RJCS v.118 | ||
| 100 | _a郑宝娟 | ||
| 245 |
_a有一个女人 _c |
||
| 250 | _a二版一刷 | ||
| 260 |
_a _b时报出版公司 _c1989 |
||
| 300 | _b平 | ||
| 490 | _a人间丛书. 118 | ||
| 650 | _a中国文学总集 | ||
| 942 |
_cBK _o830.8 RJCS v.118 |
||
| 999 |
_c40365 _d40355 |
||